Eurovision Song Contest 2011 - Semi-Final 1 Results - Statistics

General Stats
  • This quiz has been taken 6 times
    0 since last reset
  • The average score is 0 of 19
Answer Stats
Answer % Correct
Albania 960px-Flag_of_Albania.svg.png
0%
Armenia 960px-Flag_of_Armenia.svg.png
0%
Azerbaijan 960px-Flag_of_Azerbaijan.svg.png
0%
Croatia 960px-Flag_of_Croatia.svg.png
0%
Finland 960px-Flag_of_Finland.svg.png
0%
Georgia 960px-Flag_of_Georgia.svg.png
0%
Greece 960px-Flag_of_Greece.svg.png
0%
Hungary 960px-Flag_of_Hungary.svg.png
0%
Iceland 960px-Flag_of_Iceland.svg.png
0%
Lithuania 960px-Flag_of_Lithuania.svg.png
0%
Malta 960px-Flag_of_Malta.svg.png
0%
Norway 960px-Flag_of_Norway.svg.png
0%
Poland 960px-Flag_of_Poland.svg.png?20231119024730
0%
Portugal 960px-Flag_of_Portugal.svg.png
0%
Russia 960px-Flag_of_Russia.svg.png?20120812153731
0%
San Marino 960px-Flag_of_San_Marino_%28pre%E2%80%932011%29.svg.png
0%
Serbia 960px-Flag_of_Serbia.svg.png
0%
Switzerland 960px-Flag_of_Switzerland.svg.png
0%
Turkey 960px-Flag_of_Turkey.svg.png
0%
No matching quizzes found
Score Distribution
Percent of People with Each Score
Percentile by Number Answered
Your Score History
You have not taken this quiz since the last reset